000 00985nmm a2200301 a 4500
001 ocm0002146564
003 TR-IsHL
005 20201028183239.0
008 190327s2019 tu tur
007 cr cn
020 _a9786052812402
035 _a2146564
_b(N$T)
050 0 4 _aGR280
_b.Ö93 2019
090 0 4 _aGR280
_b.Ö93 2019
100 1 _aÖzbay, Ekrem
245 1 0 _aOğuz Türkmen boylarından varsaklar
_h[electronic resource] /
_cEkrem Özbay
250 _a1.Baskı
260 _aİstanbul :
_bHiperlink Yayınları,
_c2019
300 _a272 p.
650 4 _aTarih
650 4 _aHistory
650 0 _aFolklor
_x Türkiye
650 0 _aFolklore
_x Turkey
650 0 _aTürkmenler
_x Türkiye
_x Sosyal yaşam ve gelenekler
650 0 _aTurkmen
_x Turkey
_x Social life and customs
650 7 _aSOCIAL SCIENCE / Customs & Traditions
_2bisacsh
856 4 0 _uhttp://search.ebscohost.com/login.aspx?direct=true&scope=site&db=e011xww&AN=2146564
999 _c20449
_d20449